Study guide : Business a changing world
The book is designed to be a self-help tool enhance your understanding of the business world.
Đã lưu trong:
| 主要作者: | |
|---|---|
| 格式: | 圖書 |
| 語言: | Undetermined |
| 出版: |
Chicago
Irwin
1990
|
| 主題: | |
| 標簽: |
添加標簽
沒有標簽, 成為第一個標記此記錄!
|
| Thư viện lưu trữ: | Trung tâm Học liệu Trường Đại học Cần Thơ |
|---|
| LEADER | 00688nam a2200217Ia 4500 | ||
|---|---|---|---|
| 001 | CTU_40744 | ||
| 008 | 210402s9999 xx 000 0 und d | ||
| 082 | |a 650 | ||
| 082 | |b F383 | ||
| 100 | |a Frerrell, O. C. | ||
| 245 | 0 | |a Study guide : | |
| 245 | 0 | |b Business a changing world | |
| 245 | 0 | |c O. C. Frerrell, Geoffrey Hirt, Gwyneth M. Vaughn | |
| 260 | |a Chicago | ||
| 260 | |b Irwin | ||
| 260 | |c 1990 | ||
| 520 | |a The book is designed to be a self-help tool enhance your understanding of the business world. | ||
| 650 | |a Management,Business | ||
| 650 | |z United States | ||
| 904 | |i Nguyễn Quang Điền, 010328 | ||
| 980 | |a Trung tâm Học liệu Trường Đại học Cần Thơ | ||